| 000 | 00863nam a2200241Ii 4500 | ||
|---|---|---|---|
| 003 | JO-AjNU | ||
| 008 | 230605s9999||||xx |||||||||||||| ||und|| | ||
| 017 | _a2007/2/341 | ||
| 020 | _a9957-16-312-9 | ||
| 040 |
_aJO-AjNU _bara _erda _cJO-AjNU |
||
| 041 | _aara | ||
| 050 | 1 | 4 | _ajx1315.f37.2009 |
| 100 | 3 |
_a الفتلاوي ، سهيل حسين ، حوامدة ، غالب عواد , _eauthor _931214 |
|
| 245 | 0 | 0 | _aالقانون الدولي العام الجزء الأول - مبادئ القانون الدولي العام |
| 250 | _aط1 | ||
| 264 | 3 | 1 | _aعمان : دار الثقافة ، 2009 |
| 300 | _aج1، 321ص | ||
| 336 |
_atext _btxt _2rdacontent |
||
| 337 |
_aunmediated _bn _2rdamedia |
||
| 338 |
_avolume _bnc _2rdacarrier |
||
| 490 | 0 | _aموسوعة القانون الدولي (1) | |
| 650 | 4 |
_aالقانون الدولي _931215 |
|
| 999 |
_aA12461 _c16029 _d16029 |
||